000 00372nam a2200133 i 4500
001 bg
245 0 _aEkonomika i organizacja w przemyśle betonów :
_bVI Konferencja Naukowa : referaty, Jadwisin, 20-21.X.75.
260 _aWarszawa,
_c1975.
040 _cBPK
041 _apol
080 _a666.97:658](061.3)
942 _cKS
008 s pl f |000 0 pol
999 _c27372
_d27372
856 _uhttp://koha.tu.koszalin.pl/cgi-bin/koha/opac-detail.pl?biblionumber=27372
_yKatalog online BPK